Estimation with applications to tracking and navigation-(E-BOOK) (Record no. 191369)

000 -LEADER
fixed length control field 01229 a2200229 4500
003 - CONTROL NUMBER IDENTIFIER
control field Nust
005 - DATE AND TIME OF LATEST TRANSACTION
control field 20170207154015.0
020 ## - INTERNATIONAL STANDARD BOOK NUMBER
International Standard Book Number 0-471-41655-X ;
040 ## - CATALOGING SOURCE
Transcribing agency Nust
082 ## - DEWEY DECIMAL CLASSIFICATION NUMBER
Classification number 629.8
082 ## - DEWEY DECIMAL CLASSIFICATION NUMBER
Classification number 629.8
100 1# - MAIN ENTRY--PERSONAL NAME
Personal name Bar-Shalom, Yaakov
245 00 - TITLE STATEMENT
Title Estimation with applications to tracking and navigation-(E-BOOK)
Remainder of title [theory, algorithms and software] /
Statement of responsibility, etc. Yaakov Bar-Shalom, X.-Rong Li and Thiagalingam Kirubarajan
260 ## - PUBLICATION, DISTRIBUTION, ETC.
Place of publication, distribution, etc. New York :
Name of publisher, distributor, etc. Wiley,
Date of publication, distribution, etc. cop. 2001
300 ## - PHYSICAL DESCRIPTION
Extent xxiii, 558 s. :
Other physical details ill.
505 ## - FORMATTED CONTENTS NOTE
Formatted contents note 1 Introduction- 2 Basic Concepts In Estimation 89- 3 Linear Estimation In Static Systems 121- 4 Linear Dynamic Systems With Random Inputs 179- 5 State Estimation In Discrete-Time Linear Dynamic Systems 199- 6 Estimation For Kinematic Models 267 7- Computational Aspects Of Estimation 301- 8 Extensions Of Discrete-Time Linear Estimation 319- 9 Continuous-Time Linear State Estimation 341- 10 State Estimation For Nonlinear Dynamic Systems 371- 11 Adaptive Estimation And Maneuvering Targets -12 Introduction To Navigation Applications 491
650 #7 - SUBJECT ADDED ENTRY--TOPICAL TERM
Topical term or geographic name entry element Automatic tracking
650 #7 - SUBJECT ADDED ENTRY--TOPICAL TERM
Topical term or geographic name entry element Electronics in navigation
650 #7 - SUBJECT ADDED ENTRY--TOPICAL TERM
Topical term or geographic name entry element Estimation theory
700 1# - ADDED ENTRY--PERSONAL NAME
Personal name Kirubarajan, Thiagalingam
700 1# - ADDED ENTRY--PERSONAL NAME
Personal name Li, Xiao-Rung
942 ## - ADDED ENTRY ELEMENTS (KOHA)
Source of classification or shelving scheme
Koha item type Book
Holdings
Withdrawn status Lost status Source of classification or shelving scheme Damaged status Not for loan Collection code Permanent Location Current Location Date acquired Total Checkouts Full call number Barcode Date last seen Price effective from Koha item type
            Military College of Signals (MCS) Military College of Signals (MCS) 12/12/2016   629.8 SHA MCSEB-728 12/08/2016 12/12/2016 Book
© 2023 Central Library, National University of Sciences and Technology. All Rights Reserved.